Catalog

Record Details

Catalog Search



Inheritance Cover Image CD Audiobook CD Audiobook

Inheritance [sound recording] / Christopher Paolini.

Paolini, Christopher. : (author). Doyle, Gerard. (Narrator).

Summary:

It began with Eragon... It ends with Inheritance. Not so very long ago, Eragon — Shadeslayer, Dragon Rider — was nothing more than a poor farm boy, and his dragon, Saphira, only a blue stone in the forest. Now the fate of an entire civilization rests on their shoulders. Long months of training and battle have brought victories and hope, but they have also brought heartbreaking loss. And still, the real battle lies ahead: they must confront Galbatorix. When they do, they will have to be strong enough to defeat him. And if they cannot, no one can. There will be no second chance. The Rider and his dragon have come further than anyone dared to hope. But can they topple the evil king and restore justice to Alagaësia? And if so, at what cost?

Record details

  • ISBN: 9780739372487
  • ISBN: 0739372483
  • ISBN: 9780739372500
  • ISBN: 0739372505
  • Physical Description: 24 audio discs (31 hr., 5 min.) : digital ; 4 3/4 in.
  • Edition: Unabridged.
  • Publisher: New York : Random House/Listening Library, [2011]

Content descriptions

Participant or Performer Note:
Read by Gerard Doyle.
Target Audience Note:
7-12.
Subject: Dragons > Fiction.
Magic > Fiction.
Farm boy > Juvenile fiction.
Fate > Juvenile fiction.
Forest
Genre: Fiction.
Juvenile works.
Fantasy fiction.
Children's audiobooks.
Audiobooks.

Available copies

  • 1 of 1 copy available at scottsboropl.

Holds

  • 0 current holds with 1 total copy.
Show Only Available Copies
Location Call Number / Copy Notes Barcode Shelving Location Status Due Date
scottsboropl BK/CD Pao 32269000901648 Adult - Audiobook Available -

LDR 01557cim a2200409Ia 4500
001134587
003SBPL
00520160727062623.0
007sd fungnnmmneu
008110809s2011 nyunnnnd f n eng d
020 . ‡a9780739372487
020 . ‡a0739372483
020 . ‡a9780739372500
020 . ‡a0739372505
035 . ‡a(CONS)134587
035 . ‡a(OCoLC)746035446 ‡z(OCoLC)709668258 ‡z(OCoLC)962223968 ‡z(OCoLC)966363612 ‡z(OCoLC)1003688769 ‡z(OCoLC)1004929724 ‡z(OCoLC)1018129631 ‡z(OCoLC)1037179210 ‡z(OCoLC)1037212887 ‡z(OCoLC)1039521400 ‡z(OCoLC)1041667330 ‡z(OCoLC)1052719287 ‡z(OCoLC)1059483756 ‡z(OCoLC)1090224227 ‡z(OCoLC)1101657853 ‡z(OCoLC)1106154981 ‡z(OCoLC)1227317066
050 4. ‡aPZ7.P19535 ‡bIn 2011ab
08204. ‡a[Fic] ‡223
1001 . ‡aPaolini, Christopher. : ‡eauthor
24510. ‡aInheritance ‡h[sound recording] / ‡cChristopher Paolini.
250 . ‡aUnabridged.
260 . ‡aNew York : ‡bRandom House/Listening Library, ‡c[2011]
300 . ‡a24 audio discs (31 hr., 5 min.) : ‡bdigital ; ‡c4 3/4 in.
306 . ‡a310000
336 . ‡aspoken word ‡bspw ‡2rdacontent
337 . ‡aaudio ‡bs ‡2rdamedia
338 . ‡aaudio disc ‡bsd ‡2rdacarrier
4901 . ‡aInheritance ; ‡vbk. 4
5110 . ‡aRead by Gerard Doyle.
520 . ‡aIt began with Eragon... It ends with Inheritance. Not so very long ago, Eragon — Shadeslayer, Dragon Rider — was nothing more than a poor farm boy, and his dragon, Saphira, only a blue stone in the forest. Now the fate of an entire civilization rests on their shoulders. Long months of training and battle have brought victories and hope, but they have also brought heartbreaking loss. And still, the real battle lies ahead: they must confront Galbatorix. When they do, they will have to be strong enough to defeat him. And if they cannot, no one can. There will be no second chance. The Rider and his dragon have come further than anyone dared to hope. But can they topple the evil king and restore justice to Alagaësia? And if so, at what cost?
5212 . ‡a7-12.
650 0. ‡aDragons ‡vFiction.
650 0. ‡aMagic ‡vFiction.
650 0. ‡aFarm boy ‡vJuvenile fiction.
650 0. ‡aFate ‡vJuvenile fiction.
650 0. ‡aForest
655 7. ‡aFiction.
655 7. ‡aJuvenile works.
655 7. ‡aFantasy fiction.
655 7. ‡aChildren's audiobooks. ‡2lcgft
655 7. ‡aAudiobooks. ‡2lcgft
7001 . ‡aDoyle, Gerard. ‡4nrt
8301 . ‡aPaolini, Christopher. ‡tInheritance (Listening Library) ; ‡vBk 4.
901 . ‡a134587 ‡bUnknown ‡c134587 ‡tbiblio

Additional Resources